भारतीय नाट्यशास्त्र की परम्परा एवं विश्व रंगमञ्च (Record no. 1679081)

MARC details
000 -LEADER
fixed length control field 01046 a2200241 4500
005 - DATE AND TIME OF LATEST TRANSACTION
control field 20260319102917.0
008 - FIXED-LENGTH DATA ELEMENTS--GENERAL INFORMATION
fixed length control field 260319b |||||||| |||| 00| 0 eng d
020 ## - INTERNATIONAL STANDARD BOOK NUMBER
International Standard Book Number 8185268819 (hbk)
037 ## - SOURCE OF ACQUISITION
Terms of availability TB
040 ## - CATALOGING SOURCE
Original cataloging agency BL
Transcribing agency BL
041 ## - LANGUAGE CODE
Source of code hin
Language code of text/sound track or separate title hin
084 ## - COLON CLASSIFICATION NUMBER
Classification number O152,2:g(NT) N8
Assigning agency BL
100 ## - MAIN ENTRY--PERSONAL NAME
Personal name त्रिपाठी, राधावल्लभ
9 (RLIN) 1114806
245 ## - TITLE STATEMENT
Title भारतीय नाट्यशास्त्र की परम्परा एवं विश्व रंगमञ्च
260 ## - PUBLICATION, DISTRIBUTION, ETC.
Place of publication, distribution, etc. दिल्ली, भारत:
Name of publisher, distributor, etc. प्रतिभा प्रकाशन,
Date of publication, distribution, etc. 1998.
300 ## - PHYSICAL DESCRIPTION
Extent 237पृ.
365 ## - TRADE PRICE
Price amount 995.00
Currency code INR
546 ## - LANGUAGE NOTE
Language note Translated from Sanskrit to Hindi
650 ## - SUBJECT ADDED ENTRY--TOPICAL TERM
Topical term or geographic name entry element हिन्दी नाटक
650 ## - SUBJECT ADDED ENTRY--TOPICAL TERM
Topical term or geographic name entry element हिन्दी साहित्य
942 ## - ADDED ENTRY ELEMENTS (KOHA)
Koha item type Textbook
Source of classification or shelving scheme Colon Classification (CC)
Classification part O152,2:g(NT) N8
Holdings
Withdrawn status Lost status Source of classification or shelving scheme Damaged status Not for loan Home library Current library Date acquired Source of acquisition Cost, normal purchase price Inventory number Total Checkouts Full call number Barcode Date last seen Cost, replacement price Price effective from Koha item type
    Colon Classification (CC)     Braille Library Braille Library 2026-02-17 25/ ईस्टर्न बुक लिंकर्स 796.00 96 & 2026-02-16   O152,2:g(NT) N8 BL0001274 2026-02-17 995.00 2026-02-17 Textbook
Copyright @ Delhi University Library System